| 000 | 00514nam a2200181 a 4500 | ||
|---|---|---|---|
| 001 | 000048568 | ||
| 005 | 20201002061237.0 | ||
| 008 | 190329s2018 dr a r 000 spa d | ||
| 020 | _a9789945176568 | ||
| 040 |
_aDO-SdBNP _bspa _cBNPHU |
||
| 090 |
_axxx _bL566 |
||
| 245 | 1 | 0 |
_aLengua espaƱola 6 : secundaria. : _bsencundaria. |
| 260 |
_aSanto Domingo : _bSM, _c2018. |
||
| 300 |
_a271 p. : _bil. ; _c28 cm. |
||
| 490 | 0 | _aProyecto conecta | |
| 590 | _aInventariado, 2019 / DG | ||
| 830 | 0 |
_aProyecto conecta _974828 |
|
| 999 |
_c48056 _d48056 |
||